| 000 | 00451nam a2200169Ia 4500 | ||
|---|---|---|---|
| 001 | 1047 | ||
| 008 | 140313s9999 xx 000 0 und d | ||
| 020 | _a1855739828 | ||
| 040 | _cPK-LaUMT | ||
| 082 |
_a 613.4 _bREN-P |
||
| 100 | _aE. T. Renbourn | ||
| 245 |
_aPhysiology and hygiene of materials and clothing _cE. T. Renbourn |
||
| 260 |
_aCambridge, UK: _bWoodhead Publishing Limited, _c2004. |
||
| 300 | _a52 p. | ||
| 650 | _aClothing | ||
| 942 | _cBK | ||
| 999 |
_c1356 _d1356 |
||